Đang tải...

Seawater intrusion in coastal aquifers concepts, methods and practices

Chi tiết về thư mục
Tác giả khác: Bear, Jacob (Biên tập viên)
Định dạng: Printed Book
Ngôn ngữ:English
Được phát hành: London Kluwer Academic 1999
Những chủ đề:
LEADER 00568nam a2200169 a 4500
005 20151028162029.0
008 960221s1955 dcuabcdjdbkoqu001 0deng d
003 ViArRB
082 |a 551.4601  |b N9 
100 |a Bear, Jacob  |e Editor  |9 17948 
245 |a Seawater intrusion in coastal aquifers concepts, methods and practices 
300 |c   
653 |a Geophysical investigations 
942 |c BK  |6 _ 
260 |a London  |b Kluwer Academic  |c 1999 
999 |c 73654  |d 73654 
952 |0 0  |1 0  |2 ddc  |4 0  |6 5514601_N9  |7 0  |9 85837  |a SOS  |b SOS  |d 2010-02-10  |o 551.4601 N9  |p MS012355  |r 2013-06-14  |w 2009-07-13  |y BK